000 00710cam a2200229 a 4500
001 000006207
005 20200929153913.0
008 790205s1964 ag a 001 p spa
040 _aDO-SdBNP
_cNBuU
_dOCoLC
_dDLC
082 _aA861.44
_bH528m
100 1 _aHenzo d'Alessio, Rafael,
_d1922-
_917369
245 1 0 _aMujerhombre /
_cRafael Henzo d'Alessio.
260 _aBuenos Aires, Argentina :
_bSeijas-Goyanarte,
_c1964.
300 _a66 p. :
_bil. ;
_c21 cm.
490 1 _aVertellos
490 1 _aPoesía
504 _aIncluye índice (p. 65)
650 4 _aPoesía argentina
_93859
650 4 _aLiteratura argentina
_93860
830 0 _aVertellos,
_ppoesía.
_917370
910 _aCatalogación por copia / LC
999 _c6002
_d6002